Kfz-Kennzeichen Rheinland-Pfalz - Statistiken

Allgemein
  • Dieses Quiz wurde 84 mal gespielt
    54 seit der letzten Aktualisierung
  • Das Durchschnittsergebnis liegt bei 32 aus 42
Antwortstatistiken
Kennzeichen Stadt % Korrekt
AZ Alzey
97%
BIT Bitburg
97%
COC Cochem
97%
BIN Bingen
90%
BIR Birkenfeld
90%
DAU Daun
90%
KO Koblenz
90%
KL Kaiserslautern
86%
LU Ludwigshafen
86%
AW Ahrweiler
83%
KUS Kusel
83%
MZ Mainz
83%
MY Mayen
83%
TR Trier
83%
ZEL Zell
83%
EMS Ems
79%
PS Pirmasens
79%
WW Westerwald
79%
AK Altenkirchen
76%
DIZ Diez
76%
LD Landau
76%
MYK Mayen-Koblenz
76%
PRÜ Prüm
76%
SIM Simmern
76%
SP Speyer
76%
WO Worms
76%
BKS Bernkastel
72%
GER Germersheim
72%
FT Frankenthal
69%
GOA Goar
69%
RP Rhein-Pfalz
66%
SÜW Südliche Weinstraße
66%
ZW Zweibrücken
66%
GOH Goarshausen
62%
KIB Kirchheimbolanden
62%
KH Kreuznach
62%
NR Neuwied am Rhein
62%
WIL Wittlich
62%
ROK Rockenhausen
59%
DÜW Dürkheim an der Weinstraße
55%
SAB Saarburg
52%
NW Neustadt an der Weinstraße
48%
Keine übereinstimmenden Quizze gefunden
Verteilung der Resultate
Anzahl Personen mit jedem Resultat
Perzentil nach korrekt beantworteten Fragen
Ihre Resultats-Entwicklung
Sie haben dieses Quiz seit der letzten Aktualisierung nicht gespielt